[Event "Nakhchivan Sunday GM 06"]
[Site "Nakhchivan"]
[Date "2022.06.14"]
[Round "6"]
[White "Ismayilov, Orkhan Elburus"]
[Black "Hasanzade, Toghrul Qasim Oglu"]
[Result "1/2-1/2"]
[WhiteElo "2179"]
[BlackElo "2306"]
[PlyCount "34"]
[EventDate "2022.06.12"]
[EventType "schev"]
[EventRounds "10"]
[EventCountry "AZE"]
[SourceTitle "CBM 209 Extra"]
[Source "ChessBase"]
[SourceDate "2022.09.30"]
[SourceVersion "1"]
[SourceVersionDate "2022.09.30"]
[SourceQuality "1"]
[WhiteTeam "Team B"]
[BlackTeam "Team A"]
[WhiteTeamCountry "AZE"]
[BlackTeamCountry "AZE"]

1. e4 Nf6 2. e5 Nd5 3. d4 d6 4. c4 Nb6 5. f4 Bf5 6. Nf3 Nc6 7. Be2 Nb4 8. Na3 dxe5 9. fxe5 e6 10. Be3 Be7 11. 0-0 c6 12. Qd2 a5 13. c5 N6d5 14. Nc4 Nc2 15. Rac1 Ncxe3 16. Nxe3 Nxe3 17. Qxe3 0-0 1/2-1/2

[Event "Nakhchivan Sunday GM 06"]
[Site "Nakhchivan"]
[Date "2022.06.14"]
[Round "5"]
[White "Khalesi, Vahid"]
[Black "Ismayilov, Orkhan Elburus"]
[Result "1/2-1/2"]
[WhiteElo "2252"]
[BlackElo "2179"]
[PlyCount "32"]
[EventDate "2022.06.12"]
[EventType "schev"]
[EventRounds "10"]
[EventCountry "AZE"]
[SourceTitle "CBM 209 Extra"]
[Source "ChessBase"]
[SourceDate "2022.09.30"]
[SourceVersion "1"]
[SourceVersionDate "2022.09.30"]
[SourceQuality "1"]
[WhiteTeam "Team A"]
[BlackTeam "Team B"]
[WhiteTeamCountry "AZE"]
[BlackTeamCountry "AZE"]

1. e4 e6 2. d4 d5 3. e5 c5 4. c3 Bd7 5. Nf3 Qb6 6. Be2 Nc6 7. 0-0 Nge7 8. Qb3 Qc7 9. Na3 a6 10. Bd2 Nf5 11. Rfc1 f6 12. exf6 gxf6 13. dxc5 Bxc5 14. c4 d4 15. Ne1 Rg8 16. Qh3 Rg7 1/2-1/2